Ex-Vereine der Dortmund-Spieler - Statistiken

Allgemein
  • Dieses Quiz wurde 329 mal gespielt
  • Das Durchschnittsergebnis liegt bei 18 aus 23
Antwortstatistiken
Spieler Letzter Verein % Korrekt
Mats Hummels Bayern München
98%
Niklas Süle Bayern München
97%
Niclas Füllkrug Werder Bremen
96%
Marco Reus Borussia M'Gladbach
94%
Nico Schlotterbeck SC Freiburg
94%
Felix Nmecha VFL Wolfsburg
94%
Julian Brandt Bayer Leverkusen
93%
Marcel Sabitzer Bayern München
93%
Ramy Bensebaini Borussia M'Gladbach
93%
Karim Adeyemi RB Salzburg
92%
Sebastian Haller Ajax Amsterdam
87%
Gregor Kobel VFB Stuttgart
87%
Julian Ryerson Union Berlin
85%
Salih Özcan 1. FC Köln
84%
Emre Can Juventus Turin
82%
Thomas Meunier Paris St. Germain
82%
Donyell Malen PSV Eindhoven
77%
Marcel Lotka Hertha BSC Berlin
57%
Alexander Meyer Jahn Regensburg
54%
Jami Bynoe-Gittens Manchester City
54%
Marius Wolf 1. FC Köln
51%
Mateu Morey FC Barcelona
41%
Julien Duranville RSC Anderlecht
40%
Keine übereinstimmenden Quizze gefunden
Verteilung der Resultate
Anzahl Personen mit jedem Resultat
Perzentil nach korrekt beantworteten Fragen
Ihre Resultats-Entwicklung
Sie haben dieses Quiz noch nicht gespielt